Score 0/10 Timer 01:00
0 Plays Today
Hint 4-letter word % Correct
Opposite of first; finalLAST
97%
Unable to be foundLOST
96.8%
Water surrounding a castle to act as a guardMOAT
93.2%
95% of the total, e.g.MOST
90.9%
Animal flesh categorized as a food groupMEAT
87.5%
An accomplishment or stuntFEAT
79.6%
DREAD OR DISTRESSFEAR
71.7%
Milk, in FrenchLAIT
71%
AN UNPLEASANT FEELING FROM INJURY OR DISEASEPAIN
70%
To stretch out flat in the past participle tenseLAIN
62.4%

Today's Daily Dose

Remove Ads.
Support Sporcle.
Get the best of Sporcle when you Go Orange. This ad-free experience offers more features, more stats, and more fun while also helping to support Sporcle. Thank you for becoming a member.

You're not logged in!

Compare scores with friends on all Sporcle quizzes.
OR
Log In

Show Comments

Extras

Top Quizzes Today


Score Distribution

Your Account Isn't Verified!

In order to create a playlist on Sporcle, you need to verify the email address you used during registration. Go to your Sporcle Settings to finish the process.

Report this User

Report this user for behavior that violates our Community Guidelines.

Details: